Match 'Em Up - Harry Potter Quiz Stats

 Plays Quiz Updated Aug 21, 2017

Challenge
Share
Tweet
Embed
Score 0/40 Timer 07:00
1 Play Today
% Correct
STUDENT
99.9%
HOUSE
99.8%
MAIDEN NAME
71.8%
HOUSEMEMBERS
71.7%
MARRIED NAME
71.5%
HOUSES COMPLETE
71.4%
MAIDEN NAMES UNLOCKED
71.3%
MARRIED NAMES
70.8%
SHOP TYPE
70.8%
SHOP NAME
70.8%
MARRIED NAMES COMPLETE
70.8%
SHOPPING UNLOCKED
70.8%
SHOPS
69.9%
SPELL (first half)
69.8%
SPELL (second half)
69.8%
SHOPS COMPLETE
69.8%
SPELLS UNLOCKED
69.7%
BOOK NUMBER
67.7%
BOOK NAME
67.6%
MAGIC SPELL
67.5%
% Correct
MAGIC SPELL COMPLETE
67.5%
TITLES UNLOCKED
67.5%
PATRONUS
62.8%
CHARACTER
62.7%
BOOK ORDER
62.4%
BOOKS COMPLETE
62.3%
PATRONUS UNLOCKED
62.3%
OWNER
56%
THEIR PET
55.5%
CHARACTERS
55.3%
PATRONUSES COMPLETE
55.3%
THEIR PETS UNLOCKED
55.2%
PROFESSOR
45.4%
SUBJECT
44.1%
OWNERS
43.8%
PETS COMPLETE
43.6%
PROFESSORS UNLOCKED
43.6%
PROFESSORS COMPLETE
25.8%
WELL DONE
25.7%
SUBJECTS COMPLETE
25.7%

You're not logged in!

Compare scores with friends on all Sporcle quizzes.
Join for Free
OR
Log In

You Might Also Like...

Show Comments

Extras

Top Quizzes Today


Score Distribution

Your Account Isn't Verified!

In order to create a playlist on Sporcle, you need to verify the email address you used during registration. Go to your Sporcle Settings to finish the process.

Report this User

Report this user for behavior that violates our Community Guidelines.

Details: